000 00470cam a2200181 i 4500
020 _a9780802868732 (pbk. : alk. paper)
041 _aENG
082 0 0 _a248
_bBAS
245 0 0 _aChristian practical wisdom :What it is, why it matters
260 _aU.S.A
_bWm.B.Eerdmans
_c2016
300 _aviii, 352 pages ;
500 _aIncludes index.
650 0 _aChristian life.
650 0 _aWisdom.
650 0 _aSpiritual life
700 1 _aBass, Dorothy C.,
942 _cBK
999 _c22503
_d22503